000
00293nam a22001337a 4500
082
_a
894.812
_b
JEE/P
100
_a
JEEVAN, A S
245
_a
PANDU PANDORU RAJAKUMARAN
250
_a
FIRST
260
_a
CALICUT
_b
GURU PUBLICATIONS
_c
1995
300
_a
84
650
_a
STORY
_z
KERALA
942
_c
BK
999
_c
1652
_d
1652